|
|
|
|
| LEADER |
00000nab a2200000 a 4500 |
| 001 |
vtls000324028 |
| 003 |
SK-MaSNL |
| 005 |
20260426075911.0 |
| 008 |
250424c1988 xo 0 slo |
| 015 |
|
|
|a SNBRB19rr/mm-uuuuu
|
| 035 |
|
|
|a CL0324150
|
| 035 |
|
|
|a (urnnbn)urn:nbn:sk:snk:ar-a07ok4
|
| 035 |
|
|
|a (uuid)93781f5d-f64d-4c78-847a-25d6969d31e8
|
| 035 |
|
|
|a urn:nbn:sk:snk-ab8adm
|
| 040 |
|
|
|a SNKBUCL
|b slo
|c SNKBUCL
|e AACR2
|
| 041 |
0 |
|
|a slo
|
| 044 |
|
|
|a xo
|c SK
|
| 080 |
|
|
|a 72(437.6)(091)
|2 1981
|
| 100 |
1 |
|
|a Šlachta, Štefan,
|d 1939-2016
|4 aut
|9 55255
|
| 245 |
1 |
0 |
|a Architektúra na Slovensku v r. 1918-1925
|c Štefan Šlachta
|
| 300 |
|
|
|b Obr. 8. Res. angl.
|
| 650 |
0 |
7 |
|a architektúra
|2 snkbucl
|9 722
|
| 651 |
|
7 |
|a Slovensko
|2 snkbucl
|9 14231
|
| 655 |
|
7 |
|a články z novín a časopisov
|2 snkbucl
|9 267496
|
| 773 |
0 |
|
|t Pamiatky príroda
|g Roč. 19, č. 2 (1988), s. 7-10
|
| 850 |
|
|
|a Slovenská národná knižnica
|
| 852 |
|
|
|a Slovenská národná knižnica
|
| 954 |
|
|
|a odborná, vedecká literatúra pôvodná (slovenská)
|2 lita
|
| 958 |
|
|
|a article9
|
| 958 |
|
|
|a RK
|
| 958 |
|
|
|a OND
|
| 958 |
|
|
|a EUIPO
|
| 992 |
|
|
|a RBX
|
| 999 |
|
|
|c 2788910
|d 2790840
|